Quentin Tarantino’s Favourite Actors - Statistics

General Stats
  • This quiz has been taken 54 times
  • The average score is 6 of 14
Answer Stats
Number of Movies Actor % Correct
6 Samuel L Jackson
96%
2 Brad Pitt
86%
2 Leonardo DiCaprio
82%
3 Uma Thurman
82%
4 Tim Roth
58%
5 Michael Madsen
56%
3 Harvey Keitel
46%
3 Kurt Russell
46%
3 Walton Goggins
22%
3 Bruce Dern
10%
4 Michael Parks
6%
3 Michael Bowen
2%
3 Michael Bacall
0%
3 Omar Doom
0%
No matching quizzes found
Score Distribution
Percent of People with Each Score
Percentile by Number Answered
Your Score History
You have not taken this quiz